[Event "18th 4NCL Congress"]
[Site "Doncaster"]
[Date "2018.04.14"]
[Round "3"]
[Board "6"]
[White "Whitfield, Craig M"]
[Black "Prior, Stephen Cv"]
[Result "1-0"]
[WhiteElo "2069"]
[BlackElo "1979"]
[PlyCount "81"]
[EventDate "2018.04.13"]
[EventRounds "5"]
[EventCountry "ENG"]

1. d4 Nf6 2. Bf4 c5 3. e3 g6 4. Nf3 Bg7 5. c3 b6 6. Be2 Bb7 7. O-O O-O 8. Nbd2
d6 9. h3 Nc6 10. a4 a6 11. Re1 Re8 12. Bh2 e5 13. dxe5 dxe5 14. Nc4 e4 15. Ng5
Re7 16. Nd6 Ne8 17. Ngxe4 Rd7 18. Nxb7 Rxd1 19. Nxd8 Rdxd8 20. Red1 Be5 21.
Bxe5 Nxe5 22. f4 Nc6 23. Kf2 a5 24. Bc4 Kg7 25. Ke2 Ne7 26. g4 h6 27. Bb5 Nf6
28. Nxf6 Kxf6 29. Rxd8 Rxd8 30. Rd1 Rxd1 31. Kxd1 g5 32. Ke2 Nc8 33. Kf3 Nd6
34. Bd3 Ke7 35. e4 f6 36. e5 Nf7 37. Bc4 Nh8 38. exf6+ Kxf6 39. f5 Ke5 40. Ke3
h5 41. Kf3 1-0

[Event "18th 4NCL Congress"]
[Site "Doncaster"]
[Date "2018.04.14"]
[Round "3"]
[Board "7"]
[White "Richardson, John R"]
[Black "Vickery, Jim E"]
[Result "0-1"]
[WhiteElo "2251"]
[BlackElo "1961"]
[PlyCount "134"]
[EventDate "2018.04.13"]
[EventRounds "5"]
[EventCountry "ENG"]

1. d4 Nf6 2. Nf3 g6 3. c4 Bg7 4. g3 d6 5. Bg2 Nbd7 6. Nc3 e5 7. O-O O-O 8. e4
c6 9. h3 Qa5 10. Re1 exd4 11. Nxd4 Ne5 12. Bf1 Re8 13. Be3 Be6 14. Nxe6 Rxe6
15. Kg2 Rae8 16. Qc2 a6 17. c5 d5 18. exd5 Nxd5 19. Nxd5 cxd5 20. Bd4 Nc6 21.
Rxe6 Rxe6 22. Bxg7 Kxg7 23. a3 Qc7 24. Rd1 d4 25. Bc4 Re7 26. Bd5 Qe5 27. Qc4
Rd7 28. Bf3 Nd8 29. b4 Ne6 30. h4 g5 31. hxg5 Nxg5 32. c6 Rc7 33. Qxd4 Qxd4 34.
Rxd4 bxc6 35. Be2 Ne6 36. Rg4+ Kf8 37. Bxa6 Ra7 38. Bd3 Rxa3 39. Bxh7 Rb3 40.
Rc4 Ke7 41. Be4 Nd8 42. Kh3 Rb2 43. f4 Rb3 44. Kh4 Rb2 45. Kg5 Rb3 46. Kg4 Rb2
47. Kf5 Rb3 48. g4 Rb2 49. g5 Rb3 50. Ke5 Re3 51. f5 Rg3 52. Bxc6 Rxg5 53. Ba4
f6+ 54. Kf4 Rh5 55. Rc7+ Kf8 56. Bd1 Rh4+ 57. Bg4 Nf7 58. Kg3 Rh1 59. b5 Rb1
60. Be2 Nd6 61. Rc5 Ne4+ 62. Kf4 Nxc5 63. Ke3 Ke7 64. Kd4 Kd6 65. Bc4 Rd1+ 66.
Kc3 Nb7 67. Be2 Re1 0-1

[Event "18th 4NCL Congress"]
[Site "Doncaster"]
[Date "2018.04.14"]
[Round "3"]
[Board "8"]
[White "Starley, Robert"]
[Black "Willow, Jonah B"]
[Result "1/2-1/2"]
[WhiteElo "2087"]
[BlackElo "2177"]
[PlyCount "89"]
[EventDate "2018.04.13"]
[EventRounds "5"]
[EventCountry "ENG"]

1. e4 c5 2. Nf3 e6 3. d4 cxd4 4. Nxd4 Nc6 5. Nc3 Qc7 6. Be3 Nf6 7. f4 Bb4 8.
Ndb5 Qa5 9. e5 Ne4 10. Qd3 Nxc3 11. bxc3 Be7 12. Be2 O-O 13. O-O f6 14. exf6
Bxf6 15. Rf3 a6 16. Nd4 d5 17. c4 dxc4 18. Qxc4 Nxd4 19. Bxd4 b5 20. Qc5 Bb7
21. Bxf6 Rxf6 22. Rg3 Qd2 23. Bd3 Qxf4 24. Rh3 g6 25. Rg3 Rc8 26. Qa7 Qc7 27.
a4 b4 28. Rb1 a5 29. Rg5 e5 30. Qe3 e4 31. Bxe4 Re6 32. Qb3 Qb6+ 33. Kh1 Bxe4
34. Re5 Bf5 35. Rbe1 Rce8 36. Qd5 Kg7 37. Qd7+ R8e7 38. Rxe6 Rxd7 39. Rxb6 Bxc2
40. Rb5 b3 41. g4 Rd4 42. g5 Rxa4 43. Rb7+ Kf8 44. Rb8+ Kf7 45. Rb7+ 1/2-1/2

[Event "18th 4NCL Congress"]
[Site "Doncaster"]
[Date "2018.04.14"]
[Round "3"]
[Board "9"]
[White "Burrows, Martin P"]
[Black "Mccarthy, Damian"]
[Result "1-0"]
[WhiteElo "2117"]
[BlackElo "1845"]
[PlyCount "59"]
[EventDate "2018.04.13"]
[EventRounds "5"]
[EventCountry "ENG"]

1. e4 e5 2. Nf3 Nf6 3. Nxe5 d6 4. Nf3 Nxe4 5. Nc3 Nxc3 6. dxc3 Be7 7. Bf4 O-O
8. Qd2 Nd7 9. O-O-O Nc5 10. Kb1 c6 11. h4 d5 12. Bd3 Nxd3 13. Qxd3 f6 14. Nd4
Bc5 15. f3 Re8 16. g4 Bxd4 17. cxd4 Qe7 18. Rh2 Be6 19. g5 f5 20. Be5 Qd7 21.
f4 b5 22. h5 Qe7 23. Re1 Qb4 24. Re3 Bd7 25. Rhe2 Qf8 26. Qd2 a5 27. Qe1 a4 28.
a3 Rac8 29. Ka2 Ra8 30. h6 1-0

[Event "18th 4NCL Congress"]
[Site "Doncaster"]
[Date "2018.04.14"]
[Round "3"]
[Board "10"]
[White "Jarmany, John"]
[Black "Webster, Richard J"]
[Result "1-0"]
[WhiteElo "2114"]
[BlackElo "1933"]
[PlyCount "71"]
[EventDate "2018.04.13"]
[EventRounds "5"]
[EventCountry "ENG"]

1. d4 d5 2. c4 c6 3. cxd5 cxd5 4. Nc3 Nf6 5. Bf4 Nc6 6. e3 a6 7. Bd3 Bg4 8. f3
Bh5 9. Qb3 Qd7 10. Na4 Na5 11. Qb4 Nc6 12. Qb3 Na5 13. Qd1 Qd8 14. Ne2 e6 15.
O-O Bg6 16. Rc1 Rc8 17. Rxc8 Qxc8 18. Bxg6 hxg6 19. Qd2 Nc6 20. Rc1 Be7 21. b4
O-O 22. Nc5 Nh5 23. Qc3 Qa8 24. Bc7 Nf6 25. a3 Rc8 26. Bb6 Bd8 27. Bxd8 Nxd8
28. Qd3 Ne8 29. e4 Nd6 30. exd5 exd5 31. Re1 Nc4 32. Nf4 b6 33. Re8+ Kh7 34.
Nxg6 fxg6 35. f4 Nf7 36. Qh3+ 1-0

[Event "18th 4NCL Congress"]
[Site "Doncaster"]
[Date "2018.04.14"]
[Round "3"]
[Board "11"]
[White "Ther, Mate"]
[Black "Burnett, Jim"]
[Result "1-0"]
[WhiteElo "1590"]
[BlackElo "2105"]
[PlyCount "93"]
[EventDate "2018.04.13"]
[EventRounds "5"]
[EventCountry "ENG"]

1. e4 d5 2. exd5 Qxd5 3. Nc3 Qa5 4. d4 Nf6 5. Bc4 c6 6. Bd2 Bf5 7. Ne4 Qd8 8.
Nxf6+ gxf6 9. c3 e6 10. Bf4 Bd6 11. Qd2 Qc7 12. Bxd6 Qxd6 13. Ne2 Nd7 14. Bb3
O-O-O 15. O-O-O Nb6 16. Ng3 Bg6 17. f3 h5 18. Ne4 Qe7 19. Qf4 Bxe4 20. fxe4
Rdg8 21. Rhf1 Nd7 22. d5 Rxg2 23. dxc6 bxc6 24. Bc4 e5 25. Qf3 Rg6 26. Qf2 Nb6
27. Qf5+ Kc7 28. Be2 Rhh6 29. h4 Rg2 30. Bxh5 Nc4 31. Bg4 Rxg4 32. Qxg4 Ne3 33.
Qg1 Nxd1 34. Qxa7+ Kd6 35. Qb8+ Ke6 36. Rxd1 f5 37. Qc8+ Kf6 38. Qxf5+ Kg7 39.
Rg1+ Rg6 40. Rxg6+ fxg6 41. Qg5 Qe6 42. h5 Qxa2 43. Qxg6+ Kf8 44. Qf6+ Kg8 45.
h6 Qa1+ 46. Kc2 Qa4+ 47. Kd2 1-0

[Event "18th 4NCL Congress"]
[Site "Doncaster"]
[Date "2018.04.14"]
[Round "3"]
[Board "12"]
[White "Yoon, Jacob D"]
[Black "Towers, Brian"]
[Result "1-0"]
[WhiteElo "2004"]
[BlackElo "1785"]
[PlyCount "49"]
[EventDate "2018.04.13"]
[EventRounds "5"]
[EventCountry "ENG"]

1. Nf3 Nf6 2. d4 d5 3. c4 dxc4 4. Nc3 Bf5 5. g3 e6 6. Bg2 Nbd7 7. Nh4 c6 8.
Nxf5 exf5 9. O-O Be7 10. d5 cxd5 11. Nxd5 Nxd5 12. Qxd5 Nb6 13. Qxf5 O-O 14.
Bxb7 Rb8 15. Be4 g6 16. Qa5 Qd7 17. Bf4 Qa4 18. Qxa4 Nxa4 19. Bxb8 Rxb8 20. b3
Nc5 21. Bc2 c3 22. Rad1 Rb6 23. Rd4 Bf6 24. Rc4 Ne6 25. Rd1 1-0

[Event "18th 4NCL Congress"]
[Site "Doncaster"]
[Date "2018.04.14"]
[Round "3"]
[Board "13"]
[White "Sheppard, Derek A"]
[Black "Gardiner, Eric D"]
[Result "0-1"]
[WhiteElo "1767"]
[BlackElo "1975"]
[PlyCount "48"]
[EventDate "2018.04.13"]
[EventRounds "5"]
[EventCountry "ENG"]

1. Nf3 d6 2. d4 Bg4 3. Nbd2 Nf6 4. e3 Nbd7 5. Be2 c6 6. O-O e5 7. dxe5 dxe5 8.
Nc4 Qc7 9. a4 Bc5 10. b3 O-O 11. Bb2 Bxf3 12. Bxf3 Rad8 13. g3 b5 14. axb5 cxb5
15. Nd2 Bb6 16. Qc1 Nc5 17. Rd1 Rfe8 18. Bg2 Nd5 19. Ne4 Nxe4 20. Bxe4 Nc3 21.
Bxc3 Qxc3 22. Rd3 Qb4 23. Qe1 Qxe4 24. Rad1 Qc6 0-1

[Event "18th 4NCL Congress"]
[Site "Doncaster"]
[Date "2018.04.14"]
[Round "3"]
[Board "14"]
[White "Akeya-Price, Robert A"]
[Black "Simpson, Derek"]
[Result "1-0"]
[WhiteElo "1916"]
[BlackElo "1672"]
[PlyCount "89"]
[EventDate "2018.04.13"]
[EventRounds "5"]
[EventCountry "ENG"]

1. d4 d5 2. c4 e6 3. Nf3 Nf6 4. g3 Be7 5. Bg2 O-O 6. O-O c6 7. Qc2 b6 8. Rd1
Bb7 9. b3 Nbd7 10. Nc3 Rc8 11. Bf4 Nh5 12. e4 Nxf4 13. gxf4 dxe4 14. Nxe4 h6
15. Ng3 Qc7 16. f5 c5 17. Qe2 Bxf3 18. Bxf3 e5 19. d5 Bd6 20. Ne4 Nf6 21. Nxf6+
gxf6 22. Qe4 Kh7 23. Qh4 Rg8+ 24. Kh1 Rg5 25. Rg1 Rcg8 26. Rg3 e4 27. Rh3 h5
28. Qxe4 Be5 29. Rf1 Kg7 30. Be2 Bd4 31. f4 Rg4 32. Bxg4 hxg4 33. Rg3 Kf8 34.
Qe2 Qd7 35. Rxg4 Qxf5 36. Rxg8+ Kxg8 37. Qg2+ Kf8 38. Qe2 Qg6 39. d6 f5 40.
Qe7+ Kg8 41. Qg5 Bf6 42. Qxg6+ fxg6 43. Kg2 Kf7 44. Re1 g5 45. d7 1-0

[Event "18th 4NCL Congress"]
[Site "Doncaster"]
[Date "2018.04.14"]
[Round "3"]
[Board "16"]
[White "Kilshaw, Joe"]
[Black "Macdonald, Paul"]
[Result "1-0"]
[WhiteElo "2072"]
[BlackElo "2002"]
[PlyCount "65"]
[EventDate "2018.04.13"]
[EventRounds "5"]
[EventCountry "ENG"]

1. d4 d6 2. Bf4 g6 3. e3 Bg7 4. Be2 Nf6 5. h4 h6 6. Nc3 O-O 7. Qd2 d5 8. f3 c5
9. O-O-O Qa5 10. Kb1 Nc6 11. g4 e6 12. Bxh6 Bxh6 13. g5 Bg7 14. gxf6 Bxf6 15.
h5 Ne7 16. hxg6 fxg6 17. Bd3 Kf7 18. Qg2 Rh8 19. Nh3 Bd7 20. Ng5+ Kg7 21. Rdg1
c4 22. Bxg6 Nxg6 23. Nh7 Be8 24. Nxf6 Bf7 25. Qg5 Qd8 26. Rxh8 Qxh8 27. Ne2 Qh6
28. Qe5 Kf8 29. Qd6+ Kg7 30. Ng4 Qh3 31. Ne5 Re8 32. Nxg6 Bxg6 33. Rxg6+ 1-0

[Event "18th 4NCL Congress"]
[Site "Doncaster"]
[Date "2018.04.14"]
[Round "3"]
[Board "17"]
[White "Shaw, Peter"]
[Black "Benson, Paul J"]
[Result "1-0"]
[WhiteElo "2122"]
[BlackElo "1997"]
[PlyCount "57"]
[EventDate "2018.04.13"]
[EventRounds "5"]
[EventCountry "ENG"]

1. d4 f5 2. g3 g6 3. Bg2 Nf6 4. Nf3 Bg7 5. O-O O-O 6. c4 d6 7. b4 Nh5 8. Bb2 c5
9. bxc5 dxc5 10. e3 cxd4 11. exd4 Qc7 12. Qe2 f4 13. Nc3 fxg3 14. hxg3 Nf6 15.
Ng5 Nc6 16. Ne6 Bxe6 17. Qxe6+ Kh8 18. Nb5 Qd7 19. Qxd7 Nxd7 20. Nc7 Rac8 21.
Ne6 Rf6 22. Nxg7 Kxg7 23. d5 Na5 24. Bh3 Rc7 25. Bxd7 Rxd7 26. Rac1 Rc7 27. c5
Kf7 28. Bxf6 Kxf6 29. Rfe1 1-0

[Event "18th 4NCL Congress"]
[Site "Doncaster"]
[Date "2018.04.14"]
[Round "3"]
[Board "18"]
[White "Seymour, Timothy P"]
[Black "Munshi, Aditya"]
[Result "1-0"]
[WhiteElo "2038"]
[BlackElo "1986"]
[PlyCount "79"]
[EventDate "2018.04.13"]
[EventRounds "5"]
[EventCountry "ENG"]

1. d4 Nf6 2. Nf3 d5 3. c4 e6 4. e3 b6 5. Nc3 Bb7 6. b3 Nbd7 7. Bb2 Bd6 8. Bd3
O-O 9. O-O a6 10. Rc1 Qe7 11. Na4 dxc4 12. bxc4 Rfd8 13. c5 bxc5 14. dxc5 Nxc5
15. Nxc5 Bxc5 16. Bxf6 gxf6 17. Bxh7+ Kg7 18. Bd3 Rh8 19. Qc2 Bd6 20. Be4 Bxe4
21. Qxe4 f5 22. Qc6 Rag8 23. g3 Rh6 24. Qxa6 Rgh8 25. Kg2 Qf6 26. Qc4 e5 27.
Rh1 Rg6 28. a4 Rg4 29. Qc6 Rb8 30. a5 Rb2 31. a6 Rb6 32. Qa8 Ra4 33. a7 Rba6
34. Qc8 Rxa7 35. Nh4 Rxh4 36. gxh4 Ra2 37. Kf1 Kh7 38. Rg1 Kh6 39. Rg5 f4 40.
Qg4 1-0

[Event "18th 4NCL Congress"]
[Site "Doncaster"]
[Date "2018.04.15"]
[Round "4"]
[Board "5"]
[White "Milson, Samuel A"]
[Black "Brown, Martin"]
[Result "1/2-1/2"]
[WhiteElo "2105"]
[BlackElo "2265"]
[PlyCount "48"]
[EventDate "2018.04.13"]
[EventRounds "5"]
[EventCountry "ENG"]

1. e4 e6 2. d4 d5 3. Nd2 Be7 4. Ngf3 Nf6 5. e5 Nfd7 6. Bd3 c5 7. c3 Nc6 8. O-O
a5 9. a4 cxd4 10. cxd4 Nb4 11. Bb1 b6 12. Re1 Ba6 13. Nf1 Bxf1 14. Rxf1 Nb8 15.
Ne1 N8c6 16. Ra3 Qd7 17. Rg3 g6 18. Rf3 Rc8 19. Be3 Rc7 20. Nd3 Bf8 21. Nc1 Kd8
22. Ne2 Kc8 23. Nc3 Na7 24. Qd2 Kb7 1/2-1/2

[Event "18th 4NCL Congress"]
[Site "Doncaster"]
[Date "2018.04.15"]
[Round "4"]
[Board "8"]
[White "Ther, Mate"]
[Black "Starley, Robert"]
[Result "0-1"]
[WhiteElo "1590"]
[BlackElo "2087"]
[PlyCount "68"]
[EventDate "2018.04.13"]
[EventRounds "5"]
[EventCountry "ENG"]

1. e4 c5 2. c4 Nc6 3. Ne2 Nf6 4. Nbc3 e6 5. d4 cxd4 6. Nxd4 Bb4 7. Nxc6 bxc6 8.
e5 Ne4 9. Qg4 Nxc3 10. a3 Qa5 11. Qxg7 Ne4+ 12. Ke2 Rf8 13. axb4 Qxa1 14. Bh6
Qxb2+ 15. Ke3 Qxb4 16. Qxf8+ Qxf8 17. Bxf8 Nxf2 18. Kxf2 Kxf8 19. c5 a5 20. Bd3
Kg7 21. Ra1 a4 22. Ke3 a3 23. Bc2 Ra5 24. Kd4 Ba6 25. h3 h6 26. Bb3 f6 27. Rc1
Kf7 28. Ra1 fxe5+ 29. Kxe5 Rxc5+ 30. Kd6 Rc3 31. Rxa3 Rd3+ 32. Kc7 Bb5 33. Kc8
Ke7 34. Kc7 Bc4 0-1

[Event "18th 4NCL Congress"]
[Site "Doncaster"]
[Date "2018.04.15"]
[Round "4"]
[Board "16"]
[White "Macdonald, Paul"]
[Black "Rahulan, Thivyaa"]
[Result "1/2-1/2"]
[WhiteElo "2002"]
[BlackElo "1839"]
[PlyCount "42"]
[EventDate "2018.04.13"]
[EventRounds "5"]
[EventCountry "ENG"]

1. b3 f5 2. e4 d6 3. exf5 Bxf5 4. d4 Nf6 5. Bd3 Qd7 6. Nf3 Nc6 7. O-O O-O-O 8.
Bb5 a6 9. Bxc6 Qxc6 10. c4 h6 11. d5 Qd7 12. Nd4 e5 13. dxe6 Bxe6 14. Nxe6 Qxe6
15. Re1 Qf7 16. Nc3 d5 17. cxd5 Nxd5 18. Qg4+ Kb8 19. Nxd5 Rxd5 20. Be3 Bd6 21.
Red1 Rxd1+ 1/2-1/2